000 00365nam a22001337a 4500
999 _c17268
_d17268
008 181015b xxu||||| |||| 00| 0 eng d
020 _a8188836389
050 _aG155
_b.H47 2004 c.1
245 _aHeritage tourism and Development
_cedited by Romila Chawla
260 _aNew Delhi
_bSonali
_c2004
300 _a308p.
650 _aHeritage Tourism
942 _2lcc
_cBK